Rural ventilated improved pit latrines : a field manual for Botswana
Enregistré dans:
| Auteur principal: | |
|---|---|
| Autres auteurs: | |
| Format: | Livre |
| Langue: | English |
| Publié: |
Washington, D.C. : World Bank
1983.
|
| Collection: | Technical note
|
| Sujets: | |
| Tags: |
Ajouter un tag
Pas de tags, Soyez le premier à ajouter un tag!
|
MARC
| LEADER | 00000nam a2200000Ia 4500 | ||
|---|---|---|---|
| 003 | 002059 | ||
| 005 | 20221231143946.0 | ||
| 008 | 140114s1983 waua 000 ||eng d | ||
| 040 | |c cru CEDI | ||
| 082 | |a 628.742 V26pr | ||
| 100 | |a Van Nostrand, John |9 21187 | ||
| 245 | |a Rural ventilated improved pit latrines : a field manual for Botswana | ||
| 260 | |a Washington, D.C. : World Bank |c 1983. | ||
| 300 | |a 61 páginas : ilustraciones, planos | ||
| 440 | |a Technical note |n 8 |9 21189 | ||
| 650 | |x LETRINAS - DISEÑO Y CONSTRUCCION |9 18822 | ||
| 700 | |9 21188 |a Wilson, James G | ||
| 942 | |2 ddc |c BK | ||
| 999 | |c 14810 |d 14810 | ||
